| 000 | 00465nam a22001817a 4500 | ||
|---|---|---|---|
| 003 | MPLRDC | ||
| 005 | 20220104161826.0 | ||
| 008 | 210129b ||||| |||| 00| 0 eng d | ||
| 020 | _a7-5613-2556-8 | ||
| 082 | _a412 COL | ||
| 100 | _aVERNON COLEMAN | ||
| 245 |
_a别让医生杀了你 _c朱毅 译 |
||
| 250 | _a二版一刷 | ||
| 260 |
_a中国 _b陕西师范大学出版社 _c2006 |
||
| 300 | _b平 | ||
| 650 | _a医疗事故--预防 | ||
| 942 |
_cBK _o412 COL |
||
| 999 |
_c55675 _d55665 |
||